000
00306nam a2200133Ia 4500
008
150301s2011 xx 000 0 und d
082
_a
611
_b
G11N
100
_a
NAVNEET KUMAR
245
_a
ESSENTIAL OF GENETICS
260
_b
LOTOUS PUB.
_c
2011
300
_a
232
650
_a
GENETICS
942
_2
ddc
_c
BK
_0
1
999
_c
6774
_d
6774